Villes qui possèdent un téléphérique (mort subite) - Statistiques

Statistiques générales
  • Ce quiz a été pris 55 fois
  • Le résultat moyen est 5 sur 16
Answers on the Grid
Answers color-coded by a green-red scale on the quiz's grid according to % correct below.
Barcelone
Singapour
Rio de Janeiro
New York
Bruxelles
Brest
Marseille
Ajaccio
La Paz
Londres
Genève
Gibraltar
Rome
Lisbonne
Toulouse
Coblence
Vancouver
Toulon
Ankara
Alger
 
Statistiques - réponses
Réponse % Correct
Rio de Janeiro
58%
Barcelone
49%
Lisbonne
37%
La Paz
33%
Singapour
30%
Vancouver
30%
Brest
28%
Alger
26%
New York
26%
Toulon
26%
Toulouse
26%
Ankara
23%
Ajaccio
19%
Gibraltar
19%
Londres
19%
Coblence
9%
Aucun quiz correspondant
Distribution des résultats
% des personnes avec chaque résultat
Percentile par nombre de réponses
Votre historique - résultats
Vous n’avez pas pris ce quiz